000 00451nam a2200133Ia 4500
003 GCL
008 140319s9999 xx 000 0 ara d
040 _aGCL /
_cGCL
082 0 4 _a909
_bا ت
245 1 0 _aتاريخ العالم: الترجمة العربية القديمة (منتصف القرن الرابع الهجرى)
260 _a[S.N] :
_bالمؤسسة العربية للدراسات والنشر ،
_c1982
300 _a503 ص
490 _a
999 _c35443
_d35443